| 000 | 01002cab a2200229 4500 | ||
|---|---|---|---|
| 001 | WB3122-48 | ||
| 008 | 090401t1995 xxu||||| |||| 00| 0 eng d | ||
| 035 | _a(Sirsi) u70690 | ||
| 041 | _aeng | ||
| 245 | _aForfeiture of deposit | ||
| 260 | _c1995 | ||
| 350 | _a0 | ||
| 490 |
_aEstates Gazette Case Summaries _v(1995) EGCS 96(1) (3/6/95) |
||
| 520 | _a"Safe Haven Investments Inc v Springbok Ltd" ChD 18 May 1995. The plaintiff purchasers paid a deposit for the purchase of the leasehold interest of a property. The contract was not completed. The purchaser purported to rescind the contract and sued for the recovery of the deposit and damages for misrepresentation. Both parties claimed repudiation. Held that the deposit could be forfeited. | ||
| 650 | _aDEPOSITS | ||
| 650 | _aLAW OF PORPERTY ACT 1925 S49(2) | ||
| 650 | _aLAW OF PROPERTY ACT RECEIVERS | ||
| 650 | _aPARTICULARS | ||
| 690 | _aMANAGEMENT-BUSINESS MANAGEMENT-PROFESSIONAL PRACTICE | ||
| 942 | _n0 | ||
| 948 | _c04/03/1997 | ||
| 999 |
_c44489 _d44489 |
||